MARC

LEADER 00000nam0a2200000 4500
001 41472
005 20231031014142.0
035 |a (RuTPU)RU\TPU\book\42582 
035 |a RU\TPU\book\42518 
090 |a 41472 
100 |a 20020621d1980 m y0rusy50 ca 
101 0 |a rus 
102 |a RU 
105 |a a j 000zy 
200 1 |a Методика решения задач механики  |e методическое пособие  |f Под ред. А. Н. Матвеева 
210 |a Москва  |c Высшая школа  |d 1980  |c Изд-во МГУ 
215 |a 157 с.  |c черт. 
610 1 |a физика 
610 1 |a методика 
610 1 |a задачи 
610 1 |a решения 
610 1 |a преобразования Лоренца 
610 1 |a учебные пособия 
610 1 |a кинематика 
610 1 |a законы Ньютона 
610 1 |a динамика 
610 1 |a момент силы 
610 1 |a момент импульса 
610 1 |a удар 
610 1 |a твердые тела 
610 1 |a упругие силы 
610 1 |a деформация 
610 1 |a колебания 
610 1 |a гидростатика 
610 1 |a задачи 
610 1 |a практические пособия 
675 |a 531(076)  |v 3 
702 1 |a Матвеев  |b А. Н.  |4 340 
801 2 |a RU  |b 63413507  |c 20110427  |g PSBO 
942 |c BK 
952 |a 510400  |b 010400